THERE ARE NO LIMITS BREAKING THE BARRIER (Record no. 21296)

MARC details
000 -LEADER
fixed length control field 00341nam a2200133Ia 4500
008 - FIXED-LENGTH DATA ELEMENTS--GENERAL INFORMATION
fixed length control field 240624s9999 xx 000 0 und d
041 ## - LANGUAGE CODE
Language code of text/sound track or separate title eng
082 ## - DEWEY DECIMAL CLASSIFICATION NUMBER
Classification number 158.1 COX
100 ## - MAIN ENTRY--PERSONAL NAME
Personal name COX DANNY
245 ## - TITLE STATEMENT
Title THERE ARE NO LIMITS BREAKING THE BARRIER
260 ## - PUBLICATION, DISTRIBUTION, ETC.
Date of publication, distribution, etc. 1998
Place of publication, distribution, etc. New Jersey
Name of publisher, distributor, etc. Career Press
300 ## - PHYSICAL DESCRIPTION
Extent 255 : p. : cm. ; 23
365 ## - TRADE PRICE
Currency code
Price amount 28
Holdings
Withdrawn status Lost status Damaged status Not for loan Home library Current library Shelving location Date acquired Source of acquisition Cost, normal purchase price Full call number Barcode Date last seen Copy number Price effective from Koha item type
        IMTN IMTN Rack 1-B 05/29/2013 TB 24.99 158.1 COX 21296 06/24/2024 57.3 06/24/2024 Books
Designed & Maintained by: LRC IMT Nagpur Contact: lrc@imtnag.ac.in© 2024. All Rights Reserved.